Ready Player One Multiple Choice - Statistics

General Stats
  • This quiz has been taken 274 times
  • The average score is 11 of 15
Answer Stats
Question Answer % Correct
What is Wade's avatar name? Parzival
96%
Who does Wade have a massive crush on? Art3mis
93%
True or False? Wade's best friend, Aech, hid the fact that they are actually a female and not the male that Wade always assumed them to be. True
92%
Given the below options, which answer correctly states the name of the three keys that players were tasked to find? Copper, Jade, Crystal
85%
What nickname was given to the avatars of the much-despised rival company IOI, who sought the egg to control and prosper from OASIS? Sixers
81%
What city did Wade end up moving to because it was the home of the OASIS company, GSS, as well as being one of the only cities that was still desirable to be in? Columbus, Ohio
79%
What giant form does Sorrento, the leader of IOI, take during the final battle at the third gate? Mechagodzilla
79%
Why did OASIS become as popular and mainstream as it did? The real world was deteriorating and it allowed people to escape reality
79%
What two pieces of equipment were the bare minimum necessary for accessing OASIS (besides internet of course)? Visor and Haptic Gloves
79%
Where did Wade live before IOI destroyed it in an attempt to kill him? a community of trailer stacks in Oklahoma
75%
Where was the location of the first key revealed to be? Located in a cave system on the same planet as all of the virtual schools
66%
What prestigious nickname was given to the group off egg seekers that placed on the Scoreboard ahead of the IOI avatars after finding the first key? The High Five
64%
Why did Halliday and Morrow, co-founders of OASIS, stop talking for the last ten years of Halliday's life? Halliday was jealous that Morrow married his longtime crush
53%
What game did Wade get a perfect score on and as a reward received a special quarter that gave his avatar an extra life? Pac-Man
51%
True or False? Shoto and Daito are a pair of Japanese brothers that work together in their quest to find the egg. False
23%
No matching quizzes found
Score Distribution
Percent of People with Each Score
Percentile by Number Answered
Your Score History
You have not taken this quiz